ՀՀ Գիտությունների ազգային ակադեմիայի հիմնարար գիտական գրադարան  =   Fundamental Scientific Library of NAS RA

Груша / (Record no. 308444)

MARC details
000 -LEADER
fixed length control field 00598nam a2200205 a 4500
001 - CONTROL NUMBER
control field 000874431
003 - CONTROL NUMBER IDENTIFIER
control field AM-YeHGA
005 - DATE AND TIME OF LATEST TRANSACTION
control field 20250617145230.0
008 - FIXED-LENGTH DATA ELEMENTS--GENERAL INFORMATION
fixed length control field 120314s1974 ru r 000 0 rus d
040 ## - CATALOGING SOURCE
Original cataloging agency AM-YeHGA
041 0# - LANGUAGE CODE
Language code of text/sound track or separate title rus
090 ## - LOCALLY ASSIGNED LC-TYPE CALL NUMBER (OCLC); LOCAL CALL NUMBER (RLIN)
-- 310155
100 1# - MAIN ENTRY--PERSONAL NAME
Personal name Прусс, Андрей Григорьевич
245 10 - TITLE STATEMENT
Title Груша /
Statement of responsibility, etc. А.Г. Прусс.
260 ## - PUBLICATION, DISTRIBUTION, ETC.
Place of publication, distribution, etc. Л. :
Name of publisher, distributor, etc. Колос,
Date of publication, distribution, etc. 1974.
300 ## - PHYSICAL DESCRIPTION
Extent 80 с. :
Other physical details рис., табл. ;
Dimensions 20 см.
440 #0 - SERIES STATEMENT/ADDED ENTRY--TITLE
Title Библиотечка садовода
650 14 - SUBJECT ADDED ENTRY--TOPICAL TERM
Topical term or geographic name entry element Садоводство
650 14 - SUBJECT ADDED ENTRY--TOPICAL TERM
Topical term or geographic name entry element Плодоводство
Holdings
Withdrawn status Lost status Damaged status Not for loan Collection Home library Current library Date acquired Total checkouts Full call number Barcode Date last seen Price effective from Koha item type Public note
        General Fundamental Scientific Library Fundamental Scientific Library 09/01/2017   PII/327301 FL0258705 09/01/2017 09/01/2017 Գրքեր / Books 30 Days Loan


ՀՀ ԳԱԱ հիմնարար գիտական գրադարան
ՀՀ,Երևան 0019
Մարշալ Բաղրամյան 24/6
հեռախոս:(374-10) 52-47-50
Հետադարձ կապ

All site content, except where otherwise noted, is licensed under a
Creative Commons License